Statistics for Cities by Red Light District

Click here to take the quiz!

General Stats

  • This quiz has been taken 18 times
  • The average score is 7 of 15

Answer Stats

HintAnswer% Correct
SohoLondon
94%
De WallenAmsterdam
83%
CopacabanaRio de Janeiro
83%
Patpong MarketBangkok
78%
PigalleParis
78%
KabukichoTokyo
78%
ReeperbahnHamburg
56%
Wan ChaiHong Kong
44%
King's CrossSydney
39%
GeylangSingapore
28%
SchipperskwartierAntwerp
11%
SonagachiKolkata
11%
PatongPhuket
11%
Nebraska AvenueTampa
6%
Zona NorteTijuana
6%

Score Distribution

Percentile by Number Answered

Percent of People with Each Score

Your Score History

You have not taken this quiz